Daňové príjmy zaostávajú

Plnenie štátneho rozpočtu SR za 1. polrok 1996. Daňové a nedaňové príjmy ŠR. Výdavky ŠR - porovnania s minulým obdobím. Bežné a kapitálové výdavky.

Gespeichert in:
Bibliographische Detailangaben
Format: Buchkapitel
Sprache:Slowakisch
Schlagworte:
Tags: Tag hinzufügen
Keine Tags, Fügen Sie das erste Tag hinzu!

MARC

LEADER 00000naa a2200000 4500
001 r021774
005 20230801105403.1
041 0 |a slo 
044 |a SK 
245 1 0 |a Daňové príjmy zaostávajú 
520 |a Plnenie štátneho rozpočtu SR za 1. polrok 1996. Daňové a nedaňové príjmy ŠR. Výdavky ŠR - porovnania s minulým obdobím. Bežné a kapitálové výdavky. 
610 2 0 |a rozpočet štátny 
610 2 0 |a Slovensko 
610 2 0 |a 1996 
610 2 0 |a január-jún 
610 2 0 |a príjmy rozpočtu štátneho 
610 2 0 |a dane 
610 2 0 |a výdavky rozpočtu štátneho